Witnesses in Ace Attorney: Dual Destinies - Statistics

General Stats
  • This quiz has been taken 73 times
  • The average score is 16 of 21
Answer Stats
Case Answer % Correct
Turnabout Countdown Juniper Woods
96%
Turnabout Countdown Ted Tonate
96%
The Monstrous Turnabout Bobby Fulbright
92%
Turnabout Academy Aristotle Means
88%
The Monstrous Turnabout Florent L'Belle
87%
Turnabout Academy Robin Newman
87%
The Cosmic Turnabout Yuri Cosmos
83%
The Monstrous Turnabout Jinxie Tenma
81%
Turnabout for Tomorrow Simon Blackquill
81%
The Cosmic Turnabout Solomon Starbuck
79%
Turnabout for Tomorrow Apollo Justice
77%
The Monstrous Turnabout Damian Tenma
75%
Turnabout Academy Hugh O'Connor
75%
The Monstrous Turnabout Phineas Filch
69%
Turnabout Reclaimed Sasha Buckler
69%
Turnabout Academy Myriam Scuttlebutt
67%
Turnabout for Tomorrow Ponco
67%
Turnabout Reclaimed Marlon Rimes
65%
Turnabout Reclaimed Norma DePlume
60%
Turnabout Reclaimed Orla Shipley
56%
Turnabout Reclaimed Herman Crab
50%
No matching quizzes found
Score Distribution
Percent of People with Each Score
Percentile by Number Answered
Your Score History
You have not taken this quiz